[Event "Gibraltar Challengers B 2020"]
[Site "Caleta"]
[Date "2020.01.25"]
[Round "1.19"]
[White "Longa Yauca, Javier"]
[Black "Aura, Kristian"]
[Result "1-0"]
[WhiteElo "2154"]
[BlackElo "1928"]
[Annotator "TA"]
[PlyCount "70"]
[EventDate "2020.01.20"]
[EventType "swiss"]
[EventCountry "GGB"]
[SourceTitle "playchess.com"]
[Source "ChessBase"]
[SourceQuality "1"]

{[%evp 9,70,6,6,-14,-3,-15,12,-60,-50,-108,-124,-118,-127,-152,-100,-150,-158,-153,-144,-182,-208,-177,-113,-137,-92,-72,-51,-150,-145,-149,-96,-157,-100,-86,-95,-101,-83,-118,0,9,96,0,445,269,268,268,455,168,164,162,147,157,170,143,134,121,189,31,52,52,58,0,0]} 1. d4 d5 2. c4 e6 3. Nc3 c6 4. Nf3 Nf6 5. Bg5 dxc4 6. g3 {D44: Semi-Slav: Botvinnik System} (6. e4 b5 7. e5 h6 8. Bh4 g5 9. Nxg5 hxg5 10. Bxg5 Be7 11. exf6 Bxf6 12. Bxf6 Qxf6 13. g3 Na6 14. Bg2 Bb7 15. Ne4 Qe7 16. O-O f5 17. Nc5 Nxc5 18. dxc5 Qxc5 19. Re1 Kf7 20. a4 a6 21. axb5 axb5 22. Rxa8 Bxa8 23. Qe2 Qe7 24. Qe5 Qf6 25. Qc7+ Qe7 26. Qe5 Qf6 27. Qc7+ Qe7 {½-½ (27) Radjabov,T (2759)-Fridman,D (2638) Dortmund 2019}) 6... Nbd7 7. Bg2 h6 8. Bf4 (8. Bxf6 $11 Qxf6 9. O-O) 8... b5 $146 {[%cal Bb7b5,Bb5b4][%mdl 32]} ({Predecessor:} 8... g5 9. Be5 Bg7 10. Bd6 Nb6 11. Ba3 Nbd5 12. Ne5 Nxc3 13. bxc3 Nd5 14. Qc1 Bxe5 15. dxe5 {1-0 (49) Koczka,Z (2246)-Molnar,J (2166) Hungary 2015}) 9. a4 (9. O-O $15) 9... b4 $17 10. Nb1 Ba6 11. O-O Be7 (11... Rc8 $142 12. Ne5 Nxe5 13. Bxe5 c5) 12. Ne5 Nxe5 13. Bxe5 Rc8 14. e4 O-O 15. Re1 Qb6 ({Black should try} 15... Nd7 $19 16. Bf4 g5) 16. Nd2 Rcd8 17. a5 Qb7 $1 18. Nf1 (18. Rc1 $15) 18... Nd7 19. Bf4 {[#]} Nc5 (19... e5 $142 $1 {[%mdl 512]} 20. Bxh6 (20. dxe5 Nxe5) 20... gxh6 21. Qg4+ Kh7 22. Qf5+ Kg8 23. Qg4+ Kh8) 20. Qg4 (20. Bxh6 $142 gxh6 21. Qg4+ Kh7 22. dxc5) 20... f5 (20... h5 $142 $1 {[%cal Rh5g4]} 21. Qxh5 Nd3 {[%mdl 64] Double Attack}) 21. exf5 exf5 22. Qe2 Nb3 $1 {Hoping for ...Bf6.} 23. Qe6+ {[#]} Kh8 (23... Rf7 $1 $17 24. Bxc6 Qc8 25. Qxc8 Bxc8) 24. Bxc6 $11 Qc8 25. Qxe7 (25. Qxc8 $16 Rxc8 26. Rxe7 Nxa1 27. Bd7) 25... Nxa1 $4 {[%mdl 8192]} (25... Qxc6 $11 {and Black has nothing to worry.} 26. Be5 Qg6) 26. Be5 {[%csl Ge5][%cal Re7g7]} ({Stronger than} 26. Rxa1 Qxc6 27. Be5 Qg6 $11) 26... Rg8 {[#] aiming for ...Nc2.} 27. d5 $1 ({Not} 27. Rxa1 Qxc6 28. Bxg7+ Rxg7 $16) 27... Nc2 $2 (27... Nb3) 28. Rc1 $2 $40 {[%mdl 128] White is out for blood.} (28. Re2) 28... b3 $18 29. Nd2 {Qf7 is the strong threat.} (29. Qxa7 Nb4 $15) 29... Rde8 30. Bxe8 Qxe8 31. Qd6 {[%cal Rd6h6]} ({Weaker is} 31. Qxa7 Qxe5 32. Qxa6 Qxb2 $17) 31... Kh7 32. Bc3 Qg6 (32... Bb5 $16 {was worth a try.}) 33. Qf4 $2 (33. Qd7 $18) 33... Rd8 34. Nxc4 Rxd5 35. Ne5 (35. Nd2 $14) 35... Qg5 {[%mdl 32768] Accuracy: White = 30%, Black = 46%. . Loss on time!?} 1-0

[Event "Gibraltar Challengers B 2020"]
[Site "Caleta"]
[Date "2020.01.25"]
[Round "1.20"]
[White "Fischer, Robert"]
[Black "Royset, Pal"]
[Result "0-1"]
[WhiteElo "1923"]
[BlackElo "2151"]
[Annotator "TA"]
[PlyCount "68"]
[EventDate "2020.01.20"]
[EventType "swiss"]
[EventCountry "GGB"]
[SourceTitle "playchess.com"]
[Source "ChessBase"]
[SourceQuality "1"]

{[%evp 11,68,6,12,-7,85,-11,35,7,59,45,101,21,12,0,0,-37,18,-4,16,-29,-6,-170,-63,-196,-138,-137,-108,-257,-234,-453,-457,-381,-249,-249,-192,-188,-187,-462,-477,-484,-477,-512,-501,-508,-505,-879,-860,-1482,-1414,-2689,-2618,-29989,-29978,-29995,-29996,-29996,-29997,-29998,-29999]} 1. c4 e5 2. g3 Nc6 3. Bg2 g6 4. Nc3 Bg7 5. e4 d6 6. Nge2 f5 7. O-O {A25: English Opening vs King's Indian with ...Nc6 but without early d3} (7. d3 Nf6 8. O-O O-O 9. Nd5 Ne7 10. Nxf6+ Bxf6 11. Bh6 Bg7 12. Bxg7 Kxg7 13. exf5 Nxf5 14. d4 c6 15. dxe5 dxe5 16. Qxd8 Rxd8 17. Rad1 Be6 18. b3 Rxd1 19. Rxd1 {0-1 (58) Fier,A (2549)-Quesada Perez,Y (2572) Saint Louis 2019}) 7... Be6 (7... fxe4 $11 {remains equal.} 8. Nxe4 Nf6) 8. Nd5 $146 ({White should play} 8. exf5 $16 Bxf5 9. d4 $1 {[%mdl 512]}) ({Predecessor:} 8. exf5 Bxf5 9. d3 Nge7 10. h3 O-O 11. g4 Be6 12. Nd5 Rb8 13. Nec3 Qd7 14. Bg5 h6 {½-½ (43) Hannon,M (2096)-James,D (2238) Birmingham 2000}) 8... Nf6 9. d3 {White is slightly better.} Nd7 (9... O-O $11) 10. Be3 a5 {[#]} (10... O-O $14) 11. d4 (11. exf5 $1 $16 Bxf5 12. Nec3) 11... fxe4 $11 12. Bg5 Qb8 ({Reject} 12... Qxg5 $6 13. Nxc7+ Ke7 14. d5 $16) 13. Bxe4 Bh3 (13... O-O $15) 14. Re1 $132 {[%mdl 2048] White has counterplay} O-O 15. dxe5 Ndxe5 16. Ndf4 $2 {[#]} (16. Bf4 $11 {and White stays safe.}) 16... Bg4 (16... Bf5 $1 $19 {[%cal Rf5e4]} 17. Bd5+ Kh8) 17. Qd5+ (17. h3 $15 Bf5 18. Bd5+ Kh8 19. g4) 17... Kh8 (17... Rf7 $19 {Strongly threatening ...Nb4.} 18. Bh4 Nb4) 18. a3 a4 19. Kg2 (19. Ne6 $17 {keeps fighting.}) 19... Ra5 $19 {[%cal Ba8a5,Ba5c5,Bc5b5,Bb5b2][%mdl 32]} 20. c5 $2 (20. Qd1) 20... Rxc5 21. Qa2 Nc4 22. h4 N6a5 ({Worse is} 22... Bxb2 23. Nd3 $11) 23. Nd3 Rb5 {Hoping for ...d5.} 24. Nc3 $2 (24. Nef4 {is a better defense.}) 24... Bxc3 25. bxc3 d5 26. Bxg6 hxg6 27. Qc2 {If only White now had time for Nf4....} Bf5 {aiming for ...Rb2!} 28. h5 {[#]} (28. f3 $142 Rb2 29. Qxb2 Nxb2 30. Nxb2) 28... Rb2 $1 {[%mdl 512]} 29. Qc1 (29. Nxb2 Bxc2) 29... Bxd3 30. Bf6+ Rxf6 31. Qh6+ Kg8 {Black mates.} 32. Re7 Rfxf2+ 33. Kh3 Qc8+ 34. Kh4 Rh2+ {Accuracy: White = 10%, Black = 27%.} 0-1

[Event "Gibraltar Challengers B 2020"]
[Site "Caleta"]
[Date "2020.01.25"]
[Round "1.21"]
[White "Voiteanu, Gabriel"]
[Black "Obiamiwe, Paul"]
[Result "1-0"]
[WhiteElo "2133"]
[BlackElo "1920"]
[Annotator "TA"]
[PlyCount "159"]
[EventDate "2020.01.20"]
[EventType "swiss"]
[EventCountry "GGB"]
[SourceTitle "playchess.com"]
[Source "ChessBase"]
[SourceQuality "1"]

{[%evp 17,159,4,14,-5,8,8,8,-17,1,1,7,0,10,-20,25,23,38,25,100,98,109,67,109,120,133,138,127,129,156,168,160,155,227,202,233,227,230,153,224,195,320,275,269,104,158,152,141,150,146,131,140,145,208,205,175,164,259,252,332,334,318,313,323,226,338,310,418,421,427,427,385,306,313,0,338,332,866,614,862,520,858,850,729,357,307,330,321,324,367,320,325,312,346,189,356,349,373,368,425,425,425,416,423,425,421,417,491,461,466,470,420,362,339,338,592,589,581,567,537,548,521,483,474,358,431,424,767,732,29976,2314,1819,1783,29980,29981,29981,29976,12842,0,29981,29982,29981,29983,29986,29986]} 1. d4 Nf6 2. c4 e6 3. g3 d5 4. Bg2 c6 5. Nf3 Nbd7 6. O-O Be7 7. b3 O-O 8. Bb2 b6 9. Nc3 Ba6 10. Re1 {E07: Closed Catalan: Main Line (5 Nf3 0-0 6 0-0 Nbd7)} (10. Nd2 b5 11. cxd5 cxd5 12. a3 Rc8 13. Re1 Rc7 14. b4 Nb6 15. Nb3 Nc4 16. Bc1 Nd7 17. Bf4 Rc8 18. h4 {½-½ (53) Gledura,B (2654)-Grandelius,N (2691) Batumi 2019}) 10... dxc4 11. bxc4 Bxc4 12. Nd2 {The position is equal.} Ba6 13. Bxc6 {Threatens to win with Qa4.} Rc8 14. Bg2 Nb8 15. Qb3 $146 ({Predecessor:} 15. a3 Nc6 16. Nb3 Bc4 17. e3 b5 {½-½ (56) Guzman,C (2361)-Gordh,D (2380) IECG email 2005}) 15... Qd6 16. e4 {Strongly threatening e5.} Qb4 (16... Qxd4 $2 17. Nd5 $18) 17. e5 Qxb3 (17... Nfd7 $1 $11 {remains equal.}) 18. axb3 $16 (18. Nxb3 $6 Bb4 $11) 18... Bb4 19. Rec1 $36 {[%mdl 2048] White has the initiative.} (19. exf6 Bxc3 20. fxg7 Kxg7 $11) 19... Nfd7 20. f4 Rc7 21. Ra4 Bxc3 22. Rxc3 (22. Bxc3 Rfc8 $15) 22... Rxc3 23. Bxc3 Rc8 24. Bb4 $1 Rc2 (24... h6 $16 25. Ra1 Nf8) 25. Ra1 $18 h6 26. Be4 Rc8 27. h4 f5 (27... Bb5 $16) 28. Bf3 Rc7 (28... Bb5 $142 29. Rxa7 Na6) 29. Kf2 Bb5 {[#]} 30. d5 $2 (30. Nc4 $1 $18 {[%mdl 512] and White stays clearly on top.}) 30... a5 (30... Na6 $142 31. d6 (31. dxe6 Nxb4 32. exd7 Rxd7 $14) 31... Rc2) 31. dxe6 axb4 32. exd7 Nxd7 33. Bd5+ Kh7 34. Nc4 Bxc4 (34... Bc6 $16 35. Bxc6 Rxc6) 35. Bxc4 $16 {[%mdl 4096] Endgame KRB-KRN} ({Don't do} 35. bxc4 $6 Nc5 $14) 35... Nc5 36. Ra8 g6 (36... Ne4+ {is a better defense.} 37. Kg2 b5) 37. Rb8 $18 Nd7 38. Rd8 Nc5 39. Ke3 Kg7 40. Rg8+ Kh7 41. Rb8 Nd7 42. Rd8 Nc5 43. Bd5 Kg7 44. Rg8+ Kh7 {intending ...Rd7.} 45. Rd8 Kg7 46. Kd4 Nd7 $2 (46... Ra7 47. e6 Kf6 48. Rf8+ Kg7) 47. Rg8+ Kh7 48. Re8 {Intending Re7+ and mate.} Nc5 49. e6 Kg7 50. e7 (50. Ke5 $142) 50... Kf6 51. Rb8 Kxe7 52. Rxb6 {[%mdl 64] Double Attack} Nd7 53. Rxg6 Rc3 54. Re6+ ({Don't take} 54. Rxh6 $6 Rxg3 55. Re6+ Kd8 $18) 54... Kd8 55. Re3 ({Not} 55. Rxh6 Rxg3 56. h5 Rg4 $18) 55... Rc1 $2 (55... Nf6 {was necessary.}) 56. Be6 Rd1+ 57. Kc4 Nf6 58. Bxf5 Rg1 59. Rd3+ Ke7 60. Kxb4 Nh5 61. g4 Nxf4 62. Rd7+ Kf6 63. Rd6+ Kg7 64. Rd4 Ne2 65. Rd7+ Kf6 $2 (65... Kf8 66. Rh7 Nd4) 66. Rd6+ Kg7 67. Rg6+ Kf7 68. Rxh6 Nd4 69. Rh7+ Kf6 70. Rd7 Ke5 71. h5 Rg3 (71... Rh1 $142 72. Bd3 Rd1) 72. Kc4 Nxb3 73. h6 (73. Rd5+ $142 Kf6 74. h6 Rh3 75. g5+ {[%mdl 64] Discovered Attack} Kxg5 76. Bxh3+ Kxh6 77. Kxb3 Kg7 78. Rf5) 73... Na5+ 74. Kb5 Nb3 75. h7 Rh3 76. Kc4 Na5+ 77. Kb5 (77. Kb4 $18 Nb3 {[#]} 78. Rd3 $1 {[%mdl 512]} Rxh7 79. Bxh7) 77... Nb3 78. Rd3 {White mates.} Nd4+ {[#]} 79. Kc4 $1 Nxf5 80. Rxh3 {Accuracy: White = 73%, Black = 39%.} 1-0

[Event "Gibraltar Challengers B 2020"]
[Site "Caleta"]
[Date "2020.01.25"]
[Round "1.22"]
[White "Gonzalvez Tamarit, Ivan"]
[Black "Kandic, Milan"]
[Result "0-1"]
[WhiteElo "1918"]
[BlackElo "2132"]
[Annotator "TA"]
[PlyCount "86"]
[EventDate "2020.01.20"]
[EventType "swiss"]
[EventCountry "GGB"]
[SourceTitle "playchess.com"]
[Source "ChessBase"]
[SourceQuality "1"]

{[%evp 23,86,47,47,44,53,42,85,25,35,38,120,52,147,139,123,97,120,128,199,204,212,225,212,196,429,304,253,141,138,128,314,320,299,51,252,178,172,172,283,28,587,584,594,597,583,577,1802,1634,1526,1436,6404,5527,29985,29986,29986,-112,-112,-160,-160,-160,-84,-160,-146,-29980,-29981]} 1. Nf3 d6 2. d4 Nf6 3. c4 c6 4. Nc3 Nbd7 5. g3 g6 6. Bg2 Bg7 7. O-O e5 8. e4 O-O 9. h3 Re8 10. Be3 Qc7 11. Rc1 b6 12. Re1 Bb7 13. b4 {[%cal Bb2b4,Bb4b5][%mdl 32] E69: King's Indian: Fianchetto: 6...Nbd7 7 0-0 e5 8 e4 c6 9 h3} (13. Qc2 a6 14. d5 Rac8 15. Nd2 c5 16. f4 Nh5 17. Nf1 exf4 18. gxf4 Rf8 19. Bf3 Rce8 20. Bxh5 gxh5 {½-½ (73) Dautov,R (2591)-Kabisch,T (2236) Wuerttemberg 2016}) 13... exd4 $146 ({Predecessor:} 13... a5 14. b5 c5 15. d5 Rf8 16. a4 h6 17. Qd2 Kh7 18. Nh4 Ng8 19. f4 exf4 20. gxf4 Qd8 {½-½ (50) Schoepper,O (1818)-Sicking,N (1803) Germany 2016}) 14. Nxd4 Rad8 15. f4 (15. b5 $16 c5 16. Nc6) 15... a6 $11 {White should prevent ...c5.} 16. Bf2 Nf8 ({Black should play} 16... c5 $14) 17. Qb3 ({White should try} 17. b5 $16 axb5 18. cxb5) 17... h5 (17... N8d7 $14) 18. b5 $1 $16 {[%cal Rb5c6]} axb5 19. cxb5 c5 {[#]} 20. Nc6 $1 {[%mdl 512]} Bxc6 (20... Ne6 $16) 21. bxc6 $18 {aiming for e5!} Re6 22. e5 dxe5 23. fxe5 Rxe5 $2 (23... Ne8 24. Nd5 {[%mdl 64] Double Attack} Qa7 25. Nxb6 Rxe5 26. Rxe5 Bxe5) 24. Rxe5 Qxe5 25. Qxb6 (25. Re1 $1 $18 {[%cal Re1e5]} Qf5 26. Qxb6) 25... Ne6 $16 {[#]} 26. Re1 $1 $36 {[%cal Re1e5][%mdl 2048] Black is under strong pressure.} Qxc3 $2 {[#]} (26... Qb8 $16 27. Qxb8 Rxb8) 27. Rxe6 $1 $18 {[%mdl 512]} Rf8 (27... fxe6 28. Qxd8+) 28. Re7 $2 (28. Qxc5 $18 Qxc5 29. Bxc5 fxe6 30. Bxf8) 28... Qa1+ $2 (28... Nd5 $1 $14 29. Bxd5 Bd4 30. Bxf7+ {[%mdl 64] Deflection} (30. Kg2 Qc2 $15) 30... Rxf7 31. Qd8+ Kg7 32. Rxf7+ Kxf7 33. Qd5+ Ke7 34. Qd7+ Kf6 35. Qd6+ Kf7 36. Bxd4 cxd4) 29. Kh2 {And now c7 would win.} Qxa2 30. Qxc5 {Hoping for c7.} h4 (30... Rc8 $142 31. Qa7 Qxa7 32. Rxa7 Ne8) 31. c7 $2 ({Don't do} 31. gxh4 $6 Rc8 $18) (31. g4 $18) 31... hxg3+ $2 {[%mdl 8192]} (31... Rc8 $1 $11 {and Black is okay.}) 32. Bxg3 Rc8 {intending ...Bf8.} 33. Qc6 Kh7 34. Qb7 Nh5 35. Qxc8 Nxg3 36. Qg4 Nf5 37. c8=Q {Threatening mate with Qgxf5!} Nxe7 38. Qh4+ {[%mdl 64] Double Attack} Bh6 39. Qf8 $2 (39. Qxe7 {mates} Bf4+ 40. Kg1 Qb3 41. Qce8 Qb6+ 42. Kf1 Qb1+ 43. Kf2 Be3+ 44. Qxe3) 39... Nf5 $17 40. Qfd8 Nxh4 41. Qxh4 Qe6 (41... Qd2 $142 42. Qc4 Bf4+ 43. Kg1 Kg8) 42. Qf2 (42. Bf3 $142) 42... Qe5+ 43. Kg1 $2 {[%mdl 8192]} (43. Kh1 $17) 43... Be3 {Accuracy: White = 50%, Black = 22%.} 0-1

[Event "Gibraltar Challengers B 2020"]
[Site "Caleta"]
[Date "2020.01.25"]
[Round "1.23"]
[White "Osuna Vega, Enrique"]
[Black "Ruiz Buendia, Miguel"]
[Result "1-0"]
[WhiteElo "2129"]
[BlackElo "1917"]
[Annotator "TA"]
[PlyCount "61"]
[EventDate "2020.01.20"]
[EventType "swiss"]
[EventCountry "GGB"]
[SourceTitle "playchess.com"]
[Source "ChessBase"]
[SourceQuality "1"]

{[%evp 15,61,28,37,25,52,25,80,70,86,85,131,107,233,236,208,154,155,153,261,253,239,233,268,267,262,243,310,295,300,262,483,468,450,450,706,633,855,848,805,797,714,668,649,598,900,892,906,768]} 1. d4 Nf6 2. Nf3 e6 3. Bf4 b6 4. e3 Bb7 5. Bd3 d5 6. Nbd2 Be7 7. Ne5 O-O 8. Qf3 c5 9. c3 {D02: 1 d4 d5 2 Nf3 sidelines, including 2...Nf6 3 g3 and 2...Nf6 3 Bf4} Nc6 10. Qh3 cxd4 (10... a5 $11) (10... g6 11. Bh6 Re8 12. f4 Qc8 13. Bg5 cxd4 14. exd4 {0-1 (25) Cacho Reigadas,S (2511)-Antipov,M (2508) Linares 2014}) 11. exd4 $16 {White is better.} g6 12. Bh6 Re8 {[#]} 13. f4 $1 Nxe5 $146 (13... Nd7 $16 {was necessary.}) ({Predecessor:} 13... Nd7 14. O-O f5 15. Nxd7 Qxd7 16. Nf3 a5 {½-½ (64) Vojta,T (2376)-Vichnar,D (2379) Czech Republic 2016}) 14. fxe5 $18 Ne4 15. Nxe4 dxe4 16. Bb5 Qd5 (16... Rf8 $16 17. Bxf8 Qxf8) 17. Bxe8 Rxe8 18. O-O Ba6 19. Rf2 Bd3 20. Qe3 {[#] Threatens to win with Qf4.} Bf8 21. a3 a5 22. Re1 a4 $2 (22... b5 {keeps fighting.} 23. Bxf8 Rxf8) 23. Qf4 {White is clearly winning.} Qd7 24. Re3 Bxh6 (24... Qe7 $142 25. Rh3 Bc4) 25. Qxh6 Qe7 26. Rh3 f5 27. exf6 Qf7 28. Qf4 Rd8 29. Re3 Re8 30. h4 h5 31. g4 {Accuracy: White = 93%, Black = 19%.} 1-0

[Event "Gibraltar Challengers B 2020"]
[Site "Caleta"]
[Date "2020.01.25"]
[Round "1.24"]
[White "Johnsen, Sylvia"]
[Black "Ruperez, Miguel"]
[Result "0-1"]
[WhiteElo "1902"]
[BlackElo "2126"]
[Annotator "TA"]
[PlyCount "72"]
[EventDate "2020.01.20"]
[EventType "swiss"]
[EventCountry "GGB"]
[SourceTitle "playchess.com"]
[Source "ChessBase"]
[SourceQuality "1"]

{[%evp 12,72,0,0,4,0,0,0,0,-12,15,14,19,-1,-10,-22,-19,-11,-17,-18,-20,-35,-15,-64,-73,-70,-59,-56,-65,-56,-61,-73,-35,-41,-32,-85,-93,-111,-102,-114,-7,-83,-80,-123,-120,-108,-83,-170,-94,-90,-93,-156,-68,-142,-115,-87,-55,-52,-52,-122,-128,-529,-526]} 1. e4 c5 2. Nc3 e6 3. g3 Nc6 4. Bg2 Nf6 5. d3 Be7 6. f4 d6 7. Nf3 Rb8 {B24: Closed Sicilian: 3 g3 sidelines} 8. a3 (8. O-O O-O 9. Kh1 b5 10. Ne2 Bb7 11. h3 b4 12. Be3 Qc7 13. g4 d5 14. e5 Nd7 15. Ng3 d4 16. Bd2 Rbe8 {½-½ (62) Conquest,S (2521)-Arakhamia Grant,K (2443) Amsterdam 2011}) 8... b5 9. O-O $146 ({Predecessor:} 9. Rb1 b4 10. axb4 cxb4 11. Ne2 Qb6 12. h3 a5 13. b3 Ba6 14. g4 Rc8 15. Bb2 {0-1 (80) Durante,T (1681)-Santos,D (1852) Foz do Iguacu 2018}) 9... O-O {The position is equal.} 10. Qe1 Nd4 11. Nxd4 cxd4 12. Nd1 Bb7 $36 {[%mdl 2048] Black is more active.} 13. c3 dxc3 14. bxc3 Nd7 15. Be3 Nc5 16. Nf2 Qa5 17. f5 exf5 18. exf5 Bxg2 19. Kxg2 {[#] And now Bxc5 would win.} Rfe8 20. Bxc5 dxc5 21. Ne4 f6 22. Qe2 Qd8 23. Qa2+ ({Only move:} 23. c4 $1 $15) 23... Kh8 $17 24. Rad1 Bf8 25. Rfe1 Re5 (25... Qd7 $17 26. g4 b4 27. axb4 cxb4 28. cxb4 Rxb4) 26. g4 (26. Ng5 $1 $11 {keeps the balance.} Qd5+ 27. Qxd5 Rxd5 28. Ne6) 26... Qe7 27. Kf3 {Threatening d4.} Re8 28. Qc2 {Hoping for d4.} Qc7 29. a4 (29. c4 $17) 29... a6 (29... bxa4 $19 30. Qa2 {[#]} (30. Qxa4 g6 $17) 30... a3 $1 {[%mdl 512]}) 30. axb5 axb5 31. h3 (31. Qc1 $142) 31... Rd8 (31... g6 $17 32. fxg6 hxg6) 32. Qa2 (32. Kg2 $15) 32... Red5 33. Re3 Qf7 {Threatens to win with ...Rxf5+!} 34. Qa6 Qd7 35. Qe6 ({White should try} 35. Kg2 $15) 35... Qc7 36. Nxf6 $2 {[%mdl 8192]} (36. Qa6 $17 {is tougher.}) 36... gxf6 {Accuracy: White = 22%, Black = 52%.} 0-1

[Event "Gibraltar Challengers B 2020"]
[Site "Caleta"]
[Date "2020.01.25"]
[Round "1.25"]
[White "Dolzhikova, Olga"]
[Black "Kaplan, Amiram"]
[Result "1-0"]
[WhiteElo "2123"]
[BlackElo "1880"]
[Annotator "TA"]
[PlyCount "107"]
[EventDate "2020.01.20"]
[EventType "swiss"]
[EventCountry "GGB"]
[SourceTitle "playchess.com"]
[Source "ChessBase"]
[SourceQuality "1"]

{[%evp 13,107,6,21,9,31,16,54,-26,-23,-18,-14,-41,-25,-30,-27,-26,-25,-20,-20,-18,-18,-33,-17,-15,16,12,59,70,66,57,64,-23,-10,-29,0,0,0,2,7,0,0,0,0,0,47,41,33,35,153,149,136,73,98,100,103,94,103,98,177,64,400,377,390,191,156,14,11,0,0,0,627,619,619,606,592,578,608,602,29984,29985,29986,29968,29957,29960,29968,29971,6130,6110,29989,29990,29990,29991,29991,29992,29992,29993]} 1. g3 d5 2. Bg2 Nf6 3. b3 e6 4. Bb2 Be7 5. c4 O-O 6. Nf3 Nbd7 7. O-O Re8 8. Nc3 {A14: English Opening: 1...e6 with b3 by White} (8. Qc2 Bf8 9. d3 c6 10. Nbd2 e5 11. e3 b6 12. a3 a5 13. Bc3 Bb7 14. b4 a4 15. Bb2 b5 {1-0 (47) Markowski,T (2629)-Leniart,A (2439) Warsaw 2009}) 8... Bf8 9. d3 Nb6 10. e4 $146 (10. e3 $14) ({Predecessor:} 10. Ne5 c6 11. e3 Qc7 12. Ne2 dxc4 13. bxc4 Rd8 14. Qc2 c5 15. Rfd1 Bd7 16. Nxd7 Nbxd7 {½-½ (62) White,D (1540)-Smith,K (1652) Edmonton 2003}) 10... d4 $1 $11 11. Ne2 e5 12. h3 a5 13. Nd2 c5 14. f4 Bd6 15. Nf3 Nbd7 16. Bc1 h6 17. Bd2 Qc7 18. Qe1 Nh5 {[%cal Re5f4]} 19. f5 Kh7 20. g4 Nf4 21. Nxf4 exf4 22. e5 (22. Qh4 $14) 22... Nxe5 23. Nxe5 Rxe5 24. Be4 $1 f6 25. Bxf4 {Threatening Qg3.} Re7 26. Qg3 $36 {[%mdl 2048] White has the initiative.} Bxf4 27. Qxf4 Qxf4 28. Rxf4 a4 29. Rb1 axb3 30. axb3 Bd7 (30... Ra2 $14) 31. Bxb7 $16 Rb8 32. Be4 (32. Re4 $142 Rxe4 33. Bxe4) 32... Ba4 33. Rf2 Rxb3 34. Ra1 $1 {[%cal Ra1a4]} Be8 35. Ra8 h5 {[#]} (35... Rb1+ $16 {was called for.} 36. Kg2 Bf7) 36. Rc8 ({Better is} 36. g5 $1 $18 {[%mdl 512]}) 36... Re5 $2 {[%mdl 8192]} (36... hxg4 $14 37. hxg4 Kh6) 37. Ra2 $18 Kh6 38. h4 (38. Raa8 $142) 38... g5 ({But not} 38... hxg4 $6 39. Ra6 $16) 39. Raa8 (39. fxg6 $1 $16 {Strongly threatening Ra7.} Bxg6 {[#]} 40. g5+ $1 {[%mdl 512]} fxg5 41. Rc6 $1 {[%mdl 512]} Rxe4 42. dxe4 Rg3+ 43. Kh2) 39... gxh4 $11 {[#]} 40. g5+ $1 {[%mdl 512]} Kxg5 {aiming for ...Rb1+.} (40... fxg5 41. Rxe8) 41. Rxe8 Rxf5 $2 {[%mdl 8192]} (41... Rxe8 $11 42. Rxe8 h3) 42. Bxf5 $18 Kxf5 43. Rac8 Rxd3 44. Rxc5+ Kg4 45. Rg8+ Kh3 46. Rxh5 Rc3 47. c5 d3 48. Kf2 Rc4 49. Ke3 d2 50. Kxd2 Kh2 51. Kd3 {White mates.} Ra4 52. c6 h3 53. c7 Ra3+ 54. Kc2 {Accuracy: White = 59%, Black = 36%.} 1-0

[Event "Gibraltar Challengers B 2020"]
[Site "Caleta"]
[Date "2020.01.25"]
[Round "1.26"]
[White "O`neil, Jim"]
[Black "Severijnen, Arjon"]
[Result "0-1"]
[WhiteElo "1870"]
[BlackElo "2120"]
[Annotator "TA"]
[PlyCount "64"]
[EventDate "2020.01.20"]
[EventType "swiss"]
[EventCountry "GGB"]
[SourceTitle "playchess.com"]
[Source "ChessBase"]
[SourceQuality "1"]

{[%evp 9,64,-3,-6,-34,-27,-34,-39,-41,-8,-3,7,-80,-22,-53,-25,-31,-43,-66,-61,-55,-66,-60,-52,-69,-67,-200,-164,-327,-314,-799,-772,-1042,-720,-703,-691,-719,-727,-726,-721,-763,-762,-785,-667,-708,-704,-897,-873,-889,-850,-813,-743,-733,-720,-878,-900,-917,-885]} 1. d4 Nf6 2. Nc3 d5 3. Bf4 e6 4. e3 a6 5. Nf3 c5 6. a3 {D00: 1 d4 d5: Unusual lines} (6. Bd3 Nbd7 7. h3 b5 8. a3 Bb7 9. O-O Be7 10. dxc5 Nxc5 11. Ne2 O-O {½-½ (66) Lagarde,M (2657)-Fressinet,L (2633) Montagne 2019}) 6... b5 7. Bd3 Bb7 8. Ne5 {Black is slightly better.} Qb6 $146 (8... c4 {keeps more tension.} 9. Be2 Bd6 10. O-O Qc7 11. Qd2 O-O) ({Predecessor:} 8... Nc6 9. O-O c4 10. Be2 Nxe5 11. Bxe5 Be7 {0-1 (58) Gilevich,A (2437)-Lodici,L (2459) Padova 2019}) 9. dxc5 Bxc5 10. b4 (10. a4 $11) 10... Be7 (10... Bd6 $17 {aiming for ...Qc7.} 11. Nf3 Nbd7 12. Bxd6 Qxd6) 11. Ne2 O-O 12. Nd4 Nbd7 13. Qf3 g6 14. Nxd7 Nxd7 15. Qg3 Bf6 {[#] Strongly threatening ...e5.} 16. Bc7 Qa7 {White must now prevent ...e5.} 17. c3 (17. O-O $15) 17... Rfc8 $36 {[%mdl 2048] Threatens to win with ...e5. White is under strong pressure.} 18. Qd6 $2 (18. h4) 18... Be5 $19 19. Qe7 $2 (19. Qxe5 Nxe5 20. Bxe5) 19... Rxc7 {Black is clearly winning.} 20. O-O Qb6 21. Qh4 Rxc3 22. Rfd1 Bf6 23. Qg3 Ne5 24. Be2 Rac8 25. h4 Qc7 26. h5 Nc6 {[#] And now ...Nxd4 would win.} 27. hxg6 Qxg3 28. gxf7+ Kxf7 29. fxg3 Nxd4 30. exd4 Rxg3 31. Rf1 Ke7 32. Rf4 Bg5 {Accuracy: White = 25%, Black = 53%.} 0-1